| 000 | 01358nam a22002895a 4500 | ||
|---|---|---|---|
| 999 |
_c27049 _d27021 |
||
| 003 | EG-ScBUE | ||
| 005 | 20190203144140.0 | ||
| 008 | 190129s2015 ua frb 000 0 ara d | ||
| 040 |
_aEG-ScBUE _bara _cEG-ScBUE _dEG-ScBUE |
||
| 043 | _af-ua--- | ||
| 082 | 0 | 4 |
_a342.62066 _bج ن د _222 |
| 100 | 1 |
_aجندي، محمد الشحات _941964 |
|
| 245 | 1 | 0 |
_aأحكام الفقه والقضاء في قوانين إجراءات التقاضي أمام محاكم الأسرة / _cمحمد الشحات الجندي. |
| 250 | _aط. نادي القضاة. | ||
| 260 |
_a[القاهرة] : _bنادي القضاة، _c2015. |
||
| 300 |
_a2 مج. ؛ _c24 سم. |
||
| 504 | _aيشتمل على إرجاعات ببليوجرافية. | ||
| 505 | 0 | _aمج. 1. القانون رقم (1) لسنة 2000 تنظيم بعض أوضاع وإجراءات التقاضي -- مج. 2. قانون محاكم الأسرة. | |
| 541 |
_aد. أحمد حمد ؛ _cإهداء ؛ |
||
| 650 | 7 |
_aالأحوال الشخصية _xقوانين وتشريعات _zمصر. _2BUEsh |
|
| 650 | 7 |
_aمحاكم الأحوال الشخصية _zمصر. _2BUEsh |
|
| 650 | 7 |
_aالأسرة _xقوانين وتشريعات _zمصر. _2BUEsh |
|
| 650 | 7 |
_aالأحوال الشخصية (فقه إسلامي) _2BUEsh _941147 |
|
| 651 | _2BUEsh | ||
| 653 |
_bLLAAWW _cJanuary2019 |
||
| 942 | _2ddc | ||